000 00426nam a2200157Ia 4500
008 230711s9999||||xx |||||||||||||| ||und||
020 _a978-81-8360-188-7
041 _aENG
082 _a338.1068
_bSH-F
100 _aSharma, D.N.
245 0 _aFarm Power and Machinery Management (principles & practices)
260 _c2021
_aNew Delhi
_bJain Brothers Publications
300 _a620p.
650 _aAgriculture
942 _cBK
999 _c7635
_d7635